[Event "GM"]
[Site "Gyumri ARM"]
[Date "2009.05.27"]
[Round "5"]
[White "Kalashian,D"]
[Black "Gelashvili,T"]
[Result "1/2-1/2"]
[WhiteElo "2427"]
[BlackElo "2609"]

1.d4 Nf6 2.c4 Nc6 3.Nf3 e6 4.Nc3 Bb4 5.Qc2 d6 6.e3 O-O 7.Bd2 e5 8.d5 Ne7
9.Bd3 c6 10.dxc6 bxc6 11.a3 Bxc3 12.Bxc3 c5 13.Ng5 h6 14.h4 Qc7 15.O-O-O Rd8
16.Ne4 Ne8 17.f4 Bb7 18.Rhf1 exf4 19.Rxf4 d5 20.Ng3 d4 21.Bd2 Nc6 22.Nf5 dxe3
23.Bxe3 Ne5 24.Be2 Rxd1+ 25.Qxd1 Rd8 26.Qc2 Bxg2 27.Rf2 Bb7 28.Rf1 Kh8 29.Rg1 Qc6
30.Ne7 Qd6 31.Nf5 Qc6 32.Ne7 Qe6 33.Bxc5 Bf3 34.Rd1 Rxd1+ 35.Qxd1 Bxe2 36.Qxe2 a6
37.b3 Nf6 38.Bb4 a5 39.Bc3 Qxe7 40.Qxe5 Qxa3+ 41.Kc2 Qa2+ 42.Bb2 a4 43.Qb8+ Kh7
44.Qb4 axb3+ 45.Qxb3 Qxb3+ 46.Kxb3 Kg6 47.c5 Ne8 48.c6 f6 49.Kc4 h5 50.Kd5 Kf5
51.Bc3 Nc7+ 52.Kd6 Na6 53.Ke7 Kg4 54.Be1 f5 55.Ke6 g5 56.hxg5 Kxg5 57.Ke5 Kg4
58.Bf2 f4 59.Ke4 f3 60.Be1 Nc7 61.Bf2 Nb5 62.Ke3 Nc7 63.Be1 Na6 64.Kf2 h4
65.Kg1 h3 66.Ba5 Kg3 67.Be1+ Kf4 68.Kh2 Kg4 69.Kg1 Kf4  1/2-1/2

[Event "TOP 16 Poule Haute"]
[Site "Le Port Marly FRA"]
[Date "2009.05.28"]
[Round "8"]
[White "Housieaux,D"]
[Black "Levacic,P"]
[Result "0-1"]
[WhiteElo "2420"]
[BlackElo "2307"]

1.d4 Nf6 2.c4 Nc6 3.Nf3 e6 4.g3 Bb4+ 5.Bd2 Bxd2+ 6.Qxd2 O-O 7.Nc3 d5 8.Bg2 dxc4
9.O-O Rb8 10.Rfd1 b5 11.Ng5 Ne7 12.a4 a6 13.axb5 axb5 14.Ra7 h6 15.Nge4 Nxe4
16.Bxe4 Bd7 17.Bg2 Nc8 18.Ra6 Nb6 19.Ne4 Bc8 20.Ra5 Nd5 21.Nc5 c6 22.Ra7 Qb6
23.Rda1 e5 24.e3 exd4 25.exd4 b4 26.Qc2 c3 27.bxc3 Nxc3 28.Qb3 Ne2+ 29.Kh1 Nxd4
30.Qc4 Ne6 31.Nb3 Qxf2 32.Qxc6 Qb2 33.Qc4 Qc3 34.Rc1 Qxc4 35.Rxc4 Rd8 36.Be4 Ng5
37.Bc2 Be6 38.Rcc7 Nf3 39.Rab7 Rxb7 40.Rxb7 Bd5 41.Rxb4 Nd4+ 42.Kg1 Nxc2  0-1

[Event "3rd ENCI Limburg Open"]
[Site "Maastricht NED"]
[Date "2009.05.30"]
[Round "2"]
[White "Rendboe,J"]
[Black "Glimmerveen,M"]
[Result "1-0"]
[WhiteElo "2199"]
[BlackElo "2064"]

1.d4 Nf6 2.c4 Nc6 3.Nc3 e5 4.d5 Ne7 5.e4 Ng6 6.Be3 Bb4 7.f3 O-O 8.Qd2 d6
9.Nge2 a5 10.Nc1 b6 11.Nd3 Bc5 12.Nxc5 bxc5 13.Bd3 Nd7 14.O-O Nb6 15.b3 f5
16.Bg5 Ne7 17.exf5 Bxf5 18.Bxf5 Rxf5 19.f4 Nd7 20.fxe5 Rxf1+ 21.Rxf1 Nxe5
22.Ne4 a4 23.Qe3 axb3 24.axb3 N5g6 25.h4 Qd7 26.h5 Nf8 27.Nxc5 dxc5 28.Bxe7 Qg4
29.Bxf8 Rxf8 30.Rxf8+ Kxf8 31.Qxc5+ Kg8 32.d6 Qg3 33.Qd5+ Kh8 34.Qa8+  1-0

[Event "3rd ENCI Limburg Open"]
[Site "Maastricht NED"]
[Date "2009.06.01"]
[Round "6"]
[White "Rendboe,J"]
[Black "Arnaudov,P"]
[Result "1/2-1/2"]
[WhiteElo "2199"]
[BlackElo "2199"]

1.d4 Nf6 2.c4 Nc6 3.Nc3 e5 4.d5 Ne7 5.Nf3 Ng6 6.h4 h5 7.Bg5 Bc5 8.e3 d6 9.Bd3 Ne7
10.Bxf6 gxf6 11.Ne4 Nf5 12.Nxc5 dxc5 13.Nd2 Nd6 14.Ne4 Nxe4 15.Bxe4 Bg4 16.Qa4+ Qd7
17.Qxd7+ Bxd7 18.O-O-O Ke7 19.Kd2 a5 20.b3 a4 21.Ra1 Ra6 22.Kc3 Kd6 23.Bf3 Bf5
24.b4 cxb4+ 25.Kxb4 Rb6+ 26.Kc3 Kc5 27.e4 Bd7 28.Rab1 Rxb1 29.Rxb1 b6 30.g3 f5
31.Rb4 fxe4 32.Bxe4 Rg8 33.Bc2 Rg4 34.Bd1 Re4 35.Bxh5 b5 36.Bf3 Re1 37.cxb5 Rc1+
38.Kd2 Rf1 39.Rxa4 Rxf2+ 40.Ke3 Rc2 41.Ra7 Rc3+ 42.Kf2 Rc2+ 43.Ke3 Rc3+ 44.Kf2 Rc2+  1/2-1/2

[Event "12th IHEM"]
[Site "Hamburg GER"]
[Date "2009.06.04"]
[Round "6"]
[White "Kopylov,M"]
[Black "Fries Nielsen,JO"]
[Result "1/2-1/2"]
[WhiteElo "2457"]
[BlackElo "2403"]

1.d4 Nf6 2.c4 Nc6 3.Nf3 e6 4.g3 Bb4+ 5.Nbd2 d5 6.Bg2 dxc4 7.O-O Bxd2 8.Qxd2 O-O
9.Rd1 Rb8 10.Qc2 b5 11.a4 a6 12.axb5 axb5 13.b3 Nb4 14.Qd2 Nfd5 15.Ba3 c3
16.Qc1 c2 17.Re1 Ra8 18.Ne5 c5 19.dxc5 Qc7 20.e4 Qxe5 21.exd5 Qd4 22.Bb2 Rxa1
23.Bxd4 Rxc1 24.Rxc1 exd5 25.Bc3 Nd3 26.Rxc2 Bf5 27.Rd2 b4 28.Bd4 Re8 29.Bxd5 Rd8
30.Ra2 Kf8 31.Ra8 Rxa8 32.Bxa8 Ke7 33.c6 f6 34.c7 Kd7 35.Bb6 Kc8 36.Bd5 Ne5
37.Ba5 Bd7 38.Bxb4 Kxc7 39.Bf8 g6 40.Bg8 h5 41.Bg7 Nf3+ 42.Kg2 Bc6 43.Bxf6 Nd2+
44.Kg1 Nf3+ 45.Kf1 Nxh2+ 46.Ke2 Ng4 47.Bd4 g5 48.Be6 Kd6 49.Bc8 Bb5+ 50.Kd2 Kd5
51.Bb6 Ne5 52.Bd8 Ke4 53.Bb7+ Kf5 54.f3 Bc6 55.Bc8+ Kg6 56.f4 gxf4 57.gxf4 Nd7
58.Ke3 Kf5 59.Ba6 Nc5 60.Bc4 Ne6 61.Bd3+ Kg4 62.Be2+ Kf5 63.Bd3+ Kg4 64.Be2+  1/2-1/2

[Event "National Open"]
[Site "Las Vegas USA"]
[Date "2009.06.05"]
[Round "1"]
[White "Lenderman,A"]
[Black "Terrie,H"]
[Result "1/2-1/2"]
[WhiteElo "2434"]
[BlackElo "2089"]

1.d4 Nf6 2.c4 Nc6 3.Nf3 e6 4.a3 g6 5.d5 exd5 6.cxd5 Ne7 7.e4 Bg7 8.Nc3 d6
9.Nd4 O-O 10.Be2 c6 11.Nc2 cxd5 12.exd5 Nf5 13.Bf4 Re8 14.O-O Ne4 15.Nxe4 Rxe4
16.Bc1 Qb6 17.Qd3 Re8 18.Qb5 Bd7 19.Qxb6 axb6 20.Bd3 Ra5 21.Nb4 Bb5 22.Bxb5 Rxb5  1/2-1/2

[Event "National Open"]
[Site "Las Vegas USA"]
[Date "2009.06.06"]
[Round "3"]
[White "Adelberg,D"]
[Black "Small,G"]
[Result "0-1"]
[WhiteElo "2158"]
[BlackElo "2285"]

1.d4 Nf6 2.c4 Nc6 3.Nf3 e6 4.g3 Bb4+ 5.Bd2 Qe7 6.Bg2 Bxd2+ 7.Nbxd2 d6 8.O-O a5
9.e4 e5 10.d5 Nb8 11.Ne1 O-O 12.Nd3 Na6 13.a3 c6 14.b4 cxd5 15.cxd5 axb4
16.axb4 Bg4 17.Bf3 Bd7 18.Qb3 Bb5 19.Be2 Rfc8 20.Rfc1 Qd8 21.Nf4 Nc7 22.Bxb5 Nxb5
23.Ne2 Rxc1+ 24.Rxc1 h5 25.Qb2 Qb6 26.Ra1 Rxa1+ 27.Qxa1 Ng4 28.Qe1 Nd4 29.Nxd4 exd4
30.Nf3 d3 31.Qd2 Qa6 32.Ne1 Qa1 33.Kg2 Qd4 34.Qxd3 Qxf2+  0-1

[Event "13th Open"]
[Site "Voronezh RUS"]
[Date "2009.06.15"]
[Round "4"]
[White "Kiselev,M2"]
[Black "Agaragimov,D"]
[Result "1/2-1/2"]
[WhiteElo "2198"]
[BlackElo "2370"]

1.d4 Nf6 2.c4 Nc6 3.Nf3 e6 4.Nc3 Bb4 5.Qc2 O-O 6.Bg5 h6 7.Bxf6 Qxf6 8.O-O-O Bxc3
9.Qxc3 d6 10.e3 a5 11.Bd3 e5 12.dxe5 dxe5 13.Be4 Nb4 14.Qxe5 Qxe5 15.Nxe5 Re8
16.a3 f5 17.Bb1 Rxe5 18.Rd8+ Kf7 19.axb4 axb4 20.Rhd1 Rc5 21.b3 b5 22.R8d5 Rxd5
23.cxd5 Ke7 24.Rd4 Kd6 25.Rxb4 Bb7 26.Rd4 Re8 27.b4 Re5 28.Kd2 Rxd5 29.Kc3 c5
30.bxc5+ Kxc5 31.Ba2 Rxd4 32.exd4+ Kd6 33.g3 g6 34.Bf7 g5 35.Bb3 f4 36.gxf4 gxf4
37.Bd1 Bc6 38.Be2 Be8 39.Bd1 Ke6 40.Be2 Kf5 41.Bf3 Ke6 42.Be2  1/2-1/2

[Event "zt 2.5 w"]
[Site "Asuncion PAR"]
[Date "2009.06.16"]
[Round "9"]
[White "Quinones Mena,J"]
[Black "Avalos,L"]
[Result "1/2-1/2"]
[WhiteElo "2020"]
[BlackElo "1670"]

1.d4 Nf6 2.c4 Nc6 3.Nf3 e6 4.Nc3 d5 5.e3 Be7 6.b3 O-O 7.Bb2 b6 8.cxd5 Nxd5
9.Be2 Bb4 10.Qc2 Bb7 11.O-O Nxc3 12.Bxc3 Rc8 13.Bb2 Ne7 14.Bd3 Ng6 15.Be4 Bd5
16.Bxd5 Qxd5 17.Rfd1 Qh5 18.Qc6 Bd6 19.Rac1 Ne7 20.Qa4 g5 21.g3 Qxf3 22.d5 e5
23.Ba3 a5 24.Bxd6 cxd6 25.Qd7 Rxc1 26.Rxc1 Qf6 27.e4 Ng6 28.Rc6 Rd8 29.Qc7 Qe7
30.Qxb6 a4 31.bxa4 Rd7 32.Qb4 Rb7 33.Rb6 Rc7 34.a5 Rc1+ 35.Kg2 Qd7 36.Kf3 f5
37.Ke3 fxe4 38.Rxd6 Qf7 39.Kxe4 Rf1 40.Rd8+ Nf8 41.Qd6 Re1+ 42.Kd3 Qf3+ 43.Kc4 Qe2+
44.Kc5 Qxf2+ 45.Kc6 Rc1+ 46.Kb7 Rb1+ 47.Ka8 Rf1 48.Qxe5 Qc5 49.Qxg5+ Kh8
50.Qe5+ Kg8 51.Qg5+  1/2-1/2

[Event "Open"]
[Site "Albena BUL"]
[Date "2009.06.21"]
[Round "2"]
[White "Yakimenko,A"]
[Black "Arnaudov,G"]
[Result "0-1"]
[WhiteElo "2091"]
[BlackElo "2449"]

1.d4 Nf6 2.c4 Nc6 3.Nc3 e5 4.d5 Ne7 5.Nf3 Ng6 6.Qb3 a6 7.h4 h5 8.Bg5 Be7
9.e3 d6 10.Bd3 Ng4 11.Bxg6 fxg6 12.Qc2 Bf5 13.e4 Bd7 14.Bxe7 Qxe7 15.Ng5 O-O
16.f3 Nf6 17.O-O-O b5 18.Kb1 bxc4 19.Ne2 Nh7 20.Nxh7 Kxh7 21.Qxc4 Ra7 22.Qb4 a5
23.Qa3 Qd8 24.Rc1 Bb5 25.Qe3 Rb7 26.Nc3 Bd7 27.Ne2 Qb8 28.Rc2 Qd8 29.Qg5 Qf6
30.Rhc1 Rfb8 31.Ka1 Qf7 32.Qd2 Ba4 33.b3 Bb5 34.Qxa5 Qf6 35.Nc3 Bd3 36.Rd2 Qf4
37.Rcd1 Bf1 38.Ne2 Bxe2 39.Rxe2 Qxh4 40.Rc1 Qg5 41.Rxc7 Qd8 42.Rec2 Rc8 43.Rxb7 Qxa5
44.Rxc8 Qa6 45.Rbc7 Qf1+ 46.Rc1 Qxg2 47.R8c3 h4 48.a4 h3 49.a5 h2 50.a6 h1=Q
51.a7 Qhh2 52.R3c2 Qxc2 53.Rxc2 Qg1+ 54.Kb2 Qxa7  0-1

[Event "Oceania Zonal"]
[Site "Gold Coast AUS"]
[Date "2009.06.24"]
[Round "7"]
[White "Prasad,C FIJ"]
[Black "Fitzpatrick,A"]
[Result "1-0"]
[WhiteElo "1912"]
[BlackElo "2022"]

1.d4 Nf6 2.c4 Nc6 3.Nc3 e5 4.d5 Ne7 5.Nf3 Ng6 6.g3 Bb4 7.Qc2 O-O 8.Bg2 d6
9.O-O a5 10.Bg5 Bxc3 11.Qxc3 b6 12.Ne1 h6 13.Bxf6 Qxf6 14.e4 Qe7 15.Nd3 f5
16.f3 f4 17.g4 Qg5 18.a3 a4 19.h3 h5 20.Rac1 hxg4 21.hxg4 Nh4 22.Nf2 Kf7
23.Nh3 Qg6 24.Kf2 Ke7 25.Rh1 Bxg4 26.fxg4 f3 27.Bf1 Qxg4 28.Qe3 Rf6 29.Qg5 Qxe4
30.Qxg7+ Ke8 31.Qxf6 Nf5 32.Re1 Qd4+ 33.Kxf3  1-0

[Event "Open"]
[Site "Pula CRO"]
[Date "2009.07.02"]
[Round "7"]
[White "Tratar,M"]
[Black "Biti,O"]
[Result "1/2-1/2"]
[WhiteElo "2488"]
[BlackElo "2356"]

1.d4 Nf6 2.c4 Nc6 3.Nc3 e5 4.d5 Ne7 5.e4 Ng6 6.Be3 Bb4 7.f3 Bxc3+ 8.bxc3 d6
9.Qd2 Nd7 10.h4 b6 11.h5 Ngf8 12.h6 g6 13.Nh3  1/2-1/2

[Event "37th Greek Teams"]
[Site "Kallithea GRE"]
[Date "2009.07.06"]
[Round "6"]
[White "Vragoteris,A"]
[Black "Bozinakis,P"]
[Result "1-0"]
[WhiteElo "2266"]
[BlackElo "2148"]

1.d4 Nf6 2.c4 Nc6 3.Nf3 e6 4.a3 d6 5.Bg5 h6 6.Bh4 g5 7.Bg3 Bg7 8.e3 O-O 9.h4 g4
10.Nfd2 e5 11.dxe5 Nh5 12.Ne4 Nxg3 13.Nxg3 Bxe5 14.Nc3 Bxg3 15.fxg3 Qf6 16.Be2 Qe5
17.Kf2 h5 18.Nd5 Qf5+ 19.Kg1 Qe5 20.Kh2 Qxb2 21.Rf1 f5 22.Nxc7 Rb8 23.Nd5 Qe5
24.Nf4 Be6 25.Rb1 a6 26.Ng6 Qxe3 27.Nxf8 Rxf8 28.Rxb7 f4 29.Qxd6 Qxe2 30.Rxf4 Rxf4
31.Qxf4 Qxc4 32.Qf6 Bf7 33.Rc7  1-0

[Event "37th Greek Teams"]
[Site "Kallithea GRE"]
[Date "2009.07.07"]
[Round "7"]
[White "Pavlidou,E"]
[Black "Haritopoulou,M"]
[Result "1-0"]
[WhiteElo "2179"]
[BlackElo "1661"]

1.d4 Nf6 2.c4 Nc6 3.Nf3 e6 4.Nc3 Bb4 5.Qc2 O-O 6.Bg5 h6 7.Bd2 d6 8.a3 Bxc3
9.Bxc3 d5 10.b3 Re8 11.e3 Ne4 12.Bb2 Ng5 13.Ne5 Nxe5 14.dxe5 Nh7 15.Bd3 Nf8
16.O-O c6 17.Rad1 Qe7 18.f4 b6 19.cxd5 cxd5 20.b4 Bb7 21.Bd4 Rec8 22.Qb1 Nd7
23.Rf3 f6 24.exf6 Nxf6 25.Rg3 Kh8 26.Qb2 Rf8 27.Rg6 Bc6 28.Rc1 Be8 29.Rg3 Rd8
30.Rh3 Kg8 31.Rg3 Kh8 32.Rf1 Nh5 33.Rh3 Nf6 34.Rff3 Bd7 35.Rfg3 Be8 36.Bg6 Bxg6
37.Rxg6 Rf7 38.Rhxh6+ gxh6 39.Bxf6+ Rxf6 40.Rxf6 Qg7 41.Rxh6+ Kg8 42.Qxg7+ Kxg7
43.Rxe6 Kf7 44.Rc6 Rd7 45.Kf2 Ke8 46.Kf3 Ke7 47.g4 Kf8 48.g5 d4 49.exd4 Rxd4
50.Rc8+ Kf7 51.Rc7+ Kg6 52.Rxa7  1-0

[Event "Open"]
[Site "Condom FRA"]
[Date "2009.07.11"]
[Round "1"]
[White "Popa,Ma"]
[Black "Bujisho,B"]
[Result "1/2-1/2"]
[WhiteElo "1918"]
[BlackElo "2404"]

1.d4 Nf6 2.c4 Nc6 3.Nc3 e5 4.d5 Ne7 5.Nf3 Ng6 6.g3 Bc5 7.Bg2 a5 8.O-O d6
9.Qd3 h6 10.e4 O-O 11.Be3 Bxe3 12.Qxe3 Qe7 13.Nd2 Bd7 14.a4 b6 15.b3 Rae8
16.Rae1 Qd8 17.Qd3 Nh7 18.h4 f5 19.exf5 Bxf5 20.Be4 Bxe4 21.Ndxe4 Ne7 22.Qd2 Rf3
23.Re3 Rf7 24.Nb5 Ref8 25.Qe2 Qd7 26.Kg2 Nf6 27.f4 Nxe4 28.Rxe4 Ng6 29.h5 exf4
30.Nd4 Ne5 31.gxf4 Qg4+ 32.Qxg4 Nxg4 33.Ne6 Re8 34.f5 Nf6 35.Rh4 Nd7 36.Kg3 Nc5
37.Rf3 Ree7 38.Rg4 Rf6 39.Rg6 Nd7 40.Rf4 Rff7 41.Kf2 Ne5 42.Rg3 Rf6 43.Ke3 c6
44.Rf2 cxd5 45.cxd5 Nd7 46.Kd4 Nc5  1/2-1/2

[Event "1st Artemis Cup"]
[Site "Leros GRE"]
[Date "2009.07.12"]
[Round "2"]
[White "Jeremic,V"]
[Black "Kiratzopoulos,E"]
[Result "1-0"]
[WhiteElo "2487"]
[BlackElo "2139"]

1.d4 Nf6 2.c4 Nc6 3.Nc3 e5 4.d5 Ne7 5.h4 Neg8 6.a3 a5 7.e3 Bc5 8.g4 h6 9.Qf3 d6
10.g5 Ng4 11.Bh3 f5 12.gxf6 N8xf6 13.Qe2 O-O 14.f3 Nh5 15.Bxg4 Bxg4 16.fxg4 Ng3
17.Qg2 Nxh1 18.Qxh1 Qf6 19.Qg2 Qxh4+ 20.Ke2 Rf7 21.Nf3 Qe7 22.Bd2 c6 23.Rf1 Raf8
24.Nh2 Rxf1 25.Nxf1 Qh4 26.Nh2 h5 27.Ne4 hxg4 28.Nxg4 cxd5 29.cxd5 a4 30.Nxc5 dxc5
31.Bc3 Qh7 32.Kd2 c4 33.Nxe5 Qh4 34.Nd3 g5 35.Nf4 Rf7 36.Bd4 g4 37.Qe4 Qf2+
38.Kc3 Qe1+ 39.Kxc4 Rc7+ 40.Kb5 Qf1+  1-0

[Event "1st Artemis Cup"]
[Site "Leros GRE"]
[Date "2009.07.13"]
[Round "3"]
[White "Shneider,Alek"]
[Black "Andersen,L NOR"]
[Result "1-0"]
[WhiteElo "2539"]
[BlackElo "2222"]

1.d4 Nf6 2.c4 Nc6 3.Nf3 e6 4.g3 Bb4+ 5.Bd2 Qe7 6.Nc3 O-O 7.Bg2 Bxc3 8.Bxc3 Ne4
9.Rc1 d6 10.d5 Nxc3 11.Rxc3 Nb8 12.dxe6 fxe6 13.c5 d5 14.O-O c6 15.e4 Nd7
16.b4 Qf6 17.Re3 a5 18.a3 axb4 19.axb4 Qb2 20.Rb3 Qf6 21.Re1 Qf7 22.e5 b6
23.cxb6 Nxb6 24.Qc2 Nc4 25.Ng5 Qf5 26.Qxf5 Rxf5 27.f4 Rf8 28.Nf3 Bd7 29.Nd4 g6
30.Bf1 Rfb8 31.Rc1 Nd2 32.Rb2 Nxf1 33.Kxf1 Ra6 34.Rc5 Kf7 35.Ke2 Rab6 36.Nc2 Rb5
37.Rxb5 Rxb5 38.Nd4 Rb7 39.Rb3 Ra7 40.Ke3 Ke7 41.Rc3 Ra6 42.g4 Rb6 43.Nc2 Be8
44.Ra3 Bd7 45.Kd4 Rb5 46.Rh3 c5+ 47.bxc5 Rb2 48.Rxh7+ Kd8 49.Kd3 Rb3+ 50.Kd2 Rb2
51.Kc3 Rb5 52.Nd4 Rxc5+ 53.Kd3 Ra5 54.f5 gxf5 55.gxf5 Ra3+ 56.Kd2 Ra2+ 57.Kc1 Ra1+
58.Kb2 Ra4  1-0

[Event "ch-EGY"]
[Site "Cairo EGY"]
[Date "2009.07.15"]
[Round "8"]
[White "Ezat,M"]
[Black "El Ghazali,Y"]
[Result "1-0"]
[WhiteElo "2459"]
[BlackElo "2362"]

1.d4 Nf6 2.c4 Nc6 3.Nf3 d6 4.Nc3 Bg4 5.d5 Ne5 6.Nxe5 dxe5 7.Qb3 Bc8 8.e4 e6
9.dxe6 fxe6 10.Bg5 c6 11.Rd1 Qb6 12.Qc2 Bc5 13.Bd3 O-O 14.O-O Bd4 15.h3 h6
16.Bh4 Nh5 17.Be2 Nf4 18.Bg3 Bd7 19.Bg4 h5 20.Bxf4 hxg4 21.Bg3 gxh3 22.Ne2 hxg2
23.Kxg2 Be8 24.Nxd4 exd4 25.c5 Qd8 26.Qc4 Qf6 27.f4 Bh5 28.Rd2 Rad8 29.f5 Bf7
30.fxe6 Bxe6 31.Rxf6 Bxc4 32.Rxf8+ Kxf8 33.b3 Bg8 34.Bd6+ Kf7 35.Rxd4 Ke6
36.Rd3 Rd7 37.Rg3 b6 38.b4 bxc5 39.bxc5 Bh7 40.Kf3 Kf6 41.Kf4 Ke6 42.Ra3 Rf7+
43.Ke3 Rb7 44.Ra6 Kd7 45.Kf4 Bg8 46.Be5 g6 47.Kg5 Bf7 48.Kf6 Be8 49.Bd6 Kc8
50.Be7 g5 51.e5 g4 52.Ra4 Bh5 53.e6 Rb1 54.Bd6 Kb7 55.Kg5 Rh1 56.Rf4 g3 57.Rb4+ Ka6
58.Bxg3 Be8 59.Rb8 Rg1 60.Rxe8 Rxg3+ 61.Kf6 Rf3+ 62.Ke5 Kb5 63.Rb8+ Kxc5
64.e7  1-0

[Event "1st Artemis Cup"]
[Site "Leros GRE"]
[Date "2009.07.15"]
[Round "5"]
[White "Kourkounakis,I"]
[Black "Andersen,L NOR"]
[Result "1/2-1/2"]
[WhiteElo "2378"]
[BlackElo "2222"]

1.d4 Nf6 2.c4 Nc6 3.Nf3 e6 4.Nbd2 Bb4 5.Qc2 d6 6.e4 O-O 7.e5 Nd7 8.a3 Bxd2+
9.Bxd2 dxe5 10.dxe5 Ndxe5 11.Nxe5 Nxe5 12.O-O-O Nc6 13.f4 Nd4  1/2-1/2

[Event "Euskal Xake Eskola"]
[Site "Donostia ESP"]
[Date "2009.07.16"]
[Round "9"]
[White "Hoffman,A"]
[Black "Llaneza Vega,M"]
[Result "0-1"]
[WhiteElo "2417"]
[BlackElo "2521"]

1.d4 Nf6 2.c4 Nc6 3.Nf3 e6 4.a3 d6 5.Nc3 g6 6.g3 Bg7 7.Bg2 O-O 8.O-O e5 9.d5 Ne7
10.e4 Nh5 11.Ne1 a5 12.Bd2 Kh8 13.Rc1 Bd7 14.b4 axb4 15.axb4 Qe8 16.Bf3 f5
17.exf5 Nxf5 18.Nc2 Nd4 19.Nxd4 exd4 20.Nb5 Qf7 21.Bg2 Ra2 22.Rc2 Bxb5 23.cxb5 Rxc2
24.Qxc2 Nf6 25.Qc4 Ng4 26.Qe2 Ne5 27.f4 Nd7 28.Qe6 Nb6 29.Rc1 Na4 30.Re1 Nc3
31.b6 cxb6 32.Qxd6 Qf5 33.Qe7 Nxd5 34.Qxb7 Qc2 35.Bxd5 Qxd2 36.Re7 d3 37.Rxg7 Qc1+
38.Kf2 Qb2+ 39.Ke3 Qxg7 40.Qxg7+ Kxg7 41.Kxd3 Rc8 42.Bc4 Kf6 43.Kd4 Kf5 44.Bd5 Rc1
45.Bg8 h5 46.Bc4 Kf6 47.Kd5 Rc2 48.h3 Rc3 49.g4 h4 50.Bf1 Rf3 51.Bg2 Rxf4
52.b5 Rf2 53.Be4 Re2  0-1

[Event "ch-SCO"]
[Site "Edinburgh SCO"]
[Date "2009.07.17"]
[Round "7"]
[White "Pyrich,G"]
[Black "Roberts,P"]
[Result "0-1"]
[WhiteElo "2036"]
[BlackElo "2176"]

1.d4 Nf6 2.c4 Nc6 3.Nf3 e6 4.Nc3 Bb4 5.e3 d6 6.Qc2 O-O 7.Be2 e5 8.O-O Bxc3
9.Qxc3 Ne4 10.Qc2 f5 11.dxe5 dxe5 12.b3 Qe7 13.Bb2 Bd7 14.Rac1 Nc5 15.Ba3 a5
16.Rcd1 Nb4 17.Qb2 Rfe8 18.Rd2 Ra6 19.Rfd1 Rh6 20.g3 Bc6 21.Ne1 Ne4 22.Rd5 Bxd5
23.Rxd5 c5 24.Bxb4 axb4 25.Nd3 Re6 26.f4 exf4 27.Nxf4 Re5 28.Bd3 Rxd5 29.cxd5 Nc3
30.Ng2 Qe5 31.a3 Kf8 32.axb4 cxb4 33.Qf2 g6 34.Nf4 Nxd5 35.Bb5 Nxe3 36.Bxe8 Ng4
37.Qc5+  0-1

[Event "Politiken Cup"]
[Site "Helsingor DEN"]
[Date "2009.07.18"]
[Round "1"]
[White "Andersen,G"]
[Black "Eriksson,Mag2"]
[Result "0-1"]
[WhiteElo "1794"]
[BlackElo "2160"]

1.d4 Nf6 2.c4 Nc6 3.Nc3 e5 4.e3 Bb4 5.Ne2 d5 6.cxd5 Nxd5 7.a3 Be7 8.e4 Nxc3
9.bxc3 O-O 10.Be3 f5 11.exf5 exd4 12.Qb3+ Kh8 13.Rd1 Qe8 14.cxd4 Bxf5 15.Nc3 Qg6
16.Nd5 Bc2 17.Nxe7 Nxe7 18.Qb2 Bxd1 19.Kxd1 Rad8 20.Qc2 Qxc2+ 21.Kxc2 Nf5
22.Kc3 Rfe8 23.Bg5 Rd7 24.Bc4 Rxd4 25.f3 c5 26.Bd2 Nd6 27.Bd3 b5 28.Re1 Rxe1
29.Bxe1 a5 30.Bf2 b4+ 31.axb4 axb4+ 32.Kc2 Rd5 33.Ba6 c4 34.Bg3 Ra5 35.Bxd6 b3+
36.Kb1 Rxa6 37.Be5 Ra2 38.g4 Rf2  0-1

[Event "17th Open"]
[Site "Saint Affrique FRA"]
[Date "2009.07.21"]
[Round "5"]
[White "Bissieres,M"]
[Black "Marcille,F"]
[Result "1-0"]
[WhiteElo "2300"]
[BlackElo "2060"]

1.d4 Nf6 2.c4 Nc6 3.Nf3 d6 4.Nc3 e5 5.d5 Ne7 6.e4 Nd7 7.Bd3 a5 8.Bc2 g6 9.Be3 Bg7
10.Nd2 O-O 11.a3 f5 12.f3 Nf6 13.Bf2 b6 14.O-O f4 15.b4 g5 16.c5 axb4 17.axb4 Rxa1
18.Qxa1 g4 19.cxd6 Qxd6 20.Qa3 g3 21.hxg3 Nh5 22.Nc4 Qg6 23.g4 Ng3 24.Bxg3 fxg3
25.Ne2 Nxd5 26.Bb3 Qh6 27.Nxg3 Nf4 28.Ne3+ Kh8 29.Nef5 Bxf5 30.Nxf5 Qg5 31.Rd1 h5
32.Rd7 Rxf5 33.exf5 hxg4 34.Qa8+ Kh7 35.fxg4 Kh6 36.Qc6+ Kh7 37.Qf3 Qh6 38.Bc2 Kh8
39.g5 Qxg5 40.Qa8+ Kh7 41.f6+ Kh6 42.Qh8+  1-0

[Event "17th Open"]
[Site "Saint Affrique FRA"]
[Date "2009.07.22"]
[Round "6"]
[White "Bourges,J"]
[Black "Bissieres,M"]
[Result "0-1"]
[WhiteElo "2078"]
[BlackElo "2300"]

1.d4 Nf6 2.c4 Nc6 3.Nf3 d6 4.Nc3 e5 5.d5 Ne7 6.e4 g6 7.Be2 Bg7 8.O-O O-O
9.b4 Nh5 10.Re1 f5 11.Ng5 Nf6 12.f3 a5 13.bxa5 Rxa5 14.Rb1 b6 15.a4 Ne8 16.Rb5 Ra8
17.a5 bxa5 18.Qb3 fxe4 19.fxe4 h6 20.Ne6 Bxe6 21.dxe6 Nc6 22.Be3 Nd4 23.Bxd4 exd4
24.Nd5 Qh4 25.Rf1 Rxf1+ 26.Bxf1 Kh7 27.Rb8 d3 28.Qb5 Rxb8 29.Qxb8 Bd4+ 30.Kh1 Qf2  0-1

[Event "Najdorf Mem Open"]
[Site "Warsaw POL"]
[Date "2009.07.22"]
[Round "5"]
[White "Plichta,K"]
[Black "Bugajski,R"]
[Result "1-0"]
[WhiteElo "2039"]
[BlackElo "2193"]

1.d4 Nf6 2.c4 Nc6 3.Nc3 e6 4.d5 Ne5 5.e4 Bb4 6.Bd2 Qe7 7.f4 Ng6 8.Qe2 exd5
9.exd5 Bxc3 10.Qxe7+ Kxe7 11.Bxc3 d6 12.g3 Bf5 13.Nf3 Rhe8 14.Bxf6+ Kxf6+
15.Kd2 Bg4 16.Bg2 Re7 17.Nd4 Rae8 18.Rae1 Rxe1 19.Rxe1 Rxe1 20.Kxe1 Bd7 21.Kd2 Ne7
22.b4 b6 23.Be4 h6 24.Kc3 g5 25.b5 gxf4 26.gxf4 Ng6 27.Ne2 Bg4 28.Nd4 Nxf4
29.Nc6 Bd7 30.Nxa7 Ke5 31.Bf3 Ng6 32.a4 f5 33.Nc6+ Bxc6 34.dxc6 Ne7 35.Kd3 Kf4
36.Ke2 Ng6 37.Bd5 Ke5 38.Kf3 Ne7 39.Bf7 Kd4 40.Kf4 Kc5 41.h4 Kb4 42.Be6 Ng6+
43.Kxf5 Nxh4+ 44.Kf6 Nf3 45.Ke7 Ng5 46.Bd5 Kxa4 47.Kd7 Nh7 48.Kxc7  1-0

[Event "Dutch Open"]
[Site "Dieren NED"]
[Date "2009.07.29"]
[Round "8"]
[White "Bezemer,A"]
[Black "Ernst,S"]
[Result "1/2-1/2"]
[WhiteElo "2332"]
[BlackElo "2598"]

1.d4 Nf6 2.c4 Nc6 3.Nf3 e6 4.Nc3 Bb4 5.Bg5 h6 6.Bh4 g5 7.Bg3 Ne4 8.Qc2 Nxg3
9.hxg3 g4 10.d5 gxf3 11.dxc6 fxe2 12.cxd7+ Bxd7 13.Bxe2 Qf6 14.Bf3 Qe5+ 15.Kf1 Bxc3
16.Rh5 f5 17.Qxc3 Qxc3 18.bxc3 O-O-O 19.Rb1 c6 20.Ke2 e5 21.Ke3 Be6 22.Be2 Bf7
23.Rh4 Rd6 24.c5 f4+ 25.gxf4 exf4+ 26.Rxf4 Re8+ 27.Kf3 Rd7 28.Rb2 Re5 29.Bc4 Bxc4
30.Rxc4 Rdd5 31.g4 Rxc5 32.Rxc5 Rxc5 33.Rb3 a5 34.Ke4 Kc7 35.f4 b5 36.Rb2 Rxc3
37.Rh2 Rg3 38.Kf5 b4 39.Rxh6 a4 40.g5 b3 41.axb3 axb3 42.Ke4 Kb6 43.g6 Kb5
44.f5 b2 45.Rh1 Kb4 46.Kf4 Rg2 47.Kf3 Rg5 48.Kf4 Rg2 49.Kf3 Rg5  1/2-1/2

[Event "Open"]
[Site "Kavala GRE"]
[Date "2009.08.01"]
[Round "2"]
[White "Sandalakis,A"]
[Black "Gupta,Ab"]
[Result "0-1"]
[WhiteElo "2350"]
[BlackElo "2565"]

1.d4 Nf6 2.c4 Nc6 3.Nf3 e6 4.a3 d6 5.Nc3 g6 6.g3 Bg7 7.Bg2 O-O 8.O-O a6 9.b4 Rb8
10.Qd3 e5 11.dxe5 dxe5 12.Qxd8 Rxd8 13.Ng5 h6 14.Nge4 Nxe4 15.Bxe4 Bh3 16.Re1 Be6
17.Bd5 e4 18.Bb2 Bxd5 19.cxd5 Bxc3 20.Bxc3 Rxd5 21.Rec1 Rbd8 22.a4 f5 23.Rab1 R8d7
24.f3 Nd4 25.Kf2 e3+ 26.Kf1 Ne6 27.f4 g5 28.Be5 g4 29.Rb3 c5 30.b5 axb5 31.axb5 Ng5
32.fxg5 Rxe5 33.gxh6 b6 34.Rd3 Rxd3 35.exd3 e2+ 36.Kf2 Re6 37.Re1 Rxh6 38.Kxe2 Re6+
39.Kd2 Rxe1 40.Kxe1 Kf7  0-1

[Event "III Deportiva San Juan Open"]
[Site "Pamplona ESP"]
[Date "2009.08.01"]
[Round "8"]
[White "Vera Gonzalez,J"]
[Black "Arnaudov,G"]
[Result "1/2-1/2"]
[WhiteElo "1551"]
[BlackElo "2443"]

1.d4 Nf6 2.c4 Nc6 3.Nf3 e6 4.Nc3 Bb4 5.Qc2 d6 6.Bd2 O-O 7.a3 Bxc3 8.Bxc3 Qe7
9.e3 a5 10.b3 e5 11.d5 Nb8 12.h3 c6 13.dxc6 Nxc6 14.Be2 e4 15.Nd2 Bf5 16.Qb2 Ne5
17.Bxe5 dxe5 18.O-O Nd7 19.Bg4 Bxg4 20.hxg4 Qg5 21.Nxe4 Qxg4 22.f3 Qh4 23.Rad1 Qe7
24.Rd5 f5 25.Ng3 b6 26.Rfd1 Qh4 27.Qf2 Nc5 28.Rxe5 Nxb3 29.Nxf5 Qxc4 30.Nxg7 Kxg7
31.Qg3+ Kh8 32.Re7 Rf7 33.Qe5+ Kg8 34.Qg5+ Kh8 35.Qe5+ Kg8 36.Rdd7 Qh4 37.Rxf7 Qe1+  1/2-1/2

[Event "2nd WCT GM"]
[Site "Moscow RUS"]
[Date "2009.08.10"]
[Round "3"]
[White "Rozanov,P"]
[Black "Vlassov,N"]
[Result "0-1"]
[WhiteElo "2308"]
[BlackElo "2471"]

1.d4 Nf6 2.c4 Nc6 3.Nf3 e6 4.Nc3 Bb4 5.Qc2 d6 6.a3 Bxc3+ 7.Qxc3 a5 8.b3 Qe7
9.Bb2 O-O 10.g3 Re8 11.Bg2 e5 12.dxe5 dxe5 13.O-O h6 14.Rad1 Bf5 15.h3 Ne4
16.Qc1 Nc5 17.Qe3 Be4 18.Rd2 f6 19.Rfd1 Rad8 20.Bf1 b6 21.Rxd8 Rxd8 22.Rxd8+ Qxd8
23.Nd2 Bg6 24.Bg2 Ne7 25.Kh2 Nf5 26.Qc3 Nd4 27.Qe3 Nc2 28.Qc3 Qd4 29.Qxd4 exd4
30.g4 Kf8 31.Kg3 Ke7 32.Kf4 Ne1 33.Bd5 Ned3+ 34.exd3 Nxd3+ 35.Kg3 Nxb2 36.f4 Bc2
37.g5 fxg5 38.fxg5 hxg5 39.Be4 Bxe4 40.Nxe4 a4 41.Nd2 axb3 42.Kf3 c5 43.Ke4 Ke6  0-1

[Event "2nd WCT GM"]
[Site "Moscow RUS"]
[Date "2009.08.12"]
[Round "5"]
[White "Ulko,J"]
[Black "Vlassov,N"]
[Result "1-0"]
[WhiteElo "2478"]
[BlackElo "2471"]

1.d4 Nf6 2.c4 Nc6 3.Nf3 e6 4.a3 d5 5.Nc3 dxc4 6.e4 Na5 7.Bxc4 Nxc4 8.Qa4+ Nd7
9.Qxc4 Bd6 10.O-O O-O 11.Bg5 Nb6 12.Qe2 f6 13.Bh4 Bd7 14.Rad1 Qe8 15.Rfe1 c5
16.e5 cxd4 17.exf6 gxf6 18.Rxd4 Be7 19.Ne5 Bc8 20.Rg4+ Kh8 21.Rg3 Bd6 22.Qg4 Qe7
23.Qh5 Bxe5 24.Rxe5 Qf7 25.Ne4 Nd5 26.Rxd5  1-0

[Event "XXVI Open A"]
[Site "Collado Villalba ESP"]
[Date "2009.08.21"]
[Round "1"]
[White "Rodriguez Fenoy,I"]
[Black "Montanes Arribas,A"]
[Result "0-1"]
[WhiteElo "1707"]
[BlackElo "2091"]

1.d4 Nf6 2.c4 Nc6 3.Nf3 e6 4.Nc3 Bb4 5.Qc2 d6 6.e3 O-O 7.Bd3 e5 8.d5 Nb8
9.O-O Bxc3 10.bxc3 Qe7 11.e4 Nbd7 12.Ba3 Nc5 13.Bxc5 dxc5 14.Be2 Ne8 15.Nd2 Nd6
16.Rae1 b6 17.f4 exf4 18.Rxf4 Qe5 19.Rf2 Re8 20.Bd3 f6 21.Nf3 Qh5 22.e5 fxe5
23.Rxe5 Rxe5 24.Nxe5 Ba6 25.Qe2 Qg5 26.Qc2 Qxe5  0-1